Christmas Carols: Fill In The Blanks - Statistics

General Stats
  • This quiz has been taken 14 times
  • The average score is 4 of 25
Answer Stats
Answer % Correct
... an angel of the LORD came down and {glory} {shone} {around} .
92%
... earth stood hard as iron, {water} {like} {a} {stone} ...
54%
{Once} {in} {royal} {David's} {city} stood a lowly cattle shed ...
54%
On Christmas night all Christians sing to {hear} {the} {news} {the} {angels} {bring} ...
46%
... his wings as drifted snow, {his} {eyes} {as} {flame} ...
23%
O, sisters, too, {how} {may} {we} {do} ... ?
23%
As with gladness, men of old {did} {the} {guiding} {star} {behold} ...
15%
{Brightest} {and} {best} of the stars of the morning …
15%
{Here} {we} {come} {a-wassailing} among the leaves so green ...
15%
BONUS: ... hodie {in} {terra} {canunt} {Angeli} , laetantur Archangeli ...
8%
Bring a torch, {Jeanette}, {Isabella} ...
8%
{Hills} {of} {the} {North}, {rejoice}, river and mountain-spring …
8%
Lo, how a rose e'er blooming {from} {tender} {stem} {hath} {sprung} ! ...
8%
{On} {December} {five} {and} {twenty} — fum, fum, fum ...
8%
... swift are winging angels singing, {noels} {ringing}, {tidings} {bringing} ...
8%
There’s a star in the East on Christmas morn: {rise} {up} {shepherd} {and} {follow} ! ...
8%
... and at His blessed birth, the stars {their} {exultation} {voiced} ...
0%
... in Bethlehem upon that morn, {there} {was} {a} {blessed} {Messiah} {born} .
0%
O glistening star that {heralds} {a} {new} {dawning} …
0%
... shepherds come to praise Him, {oxen} {kneel} {before} {Him} ...
0%
... that blessed bairn so loving and kind, shall now {rejoice} {both} {heart} {and} {mind} ...
0%
... there was no room found in the inn: ({It} {is} {the} {star} {of} {Bethlehem}!) ...
0%
... the watchmen on the heights are crying: "{Awake}, {Jerusalem}, {arise} !" ...
0%
... this child, though weak in infancy, {our} {joy} {and} {confidence} {shall} {be} ...
0%
'Twas in the moon of winter-time when {all} {the} {birds} {had} {fled} ...
0%
No matching quizzes found
Score Distribution
Percent of People with Each Score
Percentile by Number Answered
Your Score History
You have not taken this quiz